[Event "Titled Tuesday intern op 11th Feb Early"]
[Site "Chess.com INT"]
[Date "2025.02.11"]
[Round "7"]
[White "Teterev, Vitaly"]
[Black "Ferrara, Enzo"]
[Result "1-0"]
[WhiteElo "2257"]
[BlackElo "2138"]
[PlyCount "65"]
[EventDate "2025.02.11"]
[EventType "swiss (blitz)"]
[EventRounds "11"]
[EventCountry "USA"]
[SourceTitle "CB09_2025"]
[SourceDate "2025.02.27"]
[SourceVersion "1"]
[SourceVersionDate "2025.02.27"]
[SourceQuality "1"]

1. e4 e6 2. d4 d5 3. Nc3 Bb4 4. exd5 exd5 5. Bd3 Nc6 6. a3 Ba5 7. Nge2 Nge7 8. 0-0 0-0 9. Bf4 Ng6 10. Bg3 Nce7 11. Nf4 c6 12. Nh5 Nf5 13. Ne2 Re8 14. Nef4 Nxg3 15. fxg3 Qg5 16. h4 Qe7 17. Nxg7 Kxg7 18. Nh5+ Kf8 19. Nf6 Qe3+ 20. Kh2 Qxd4 21. Qh5 Re6 22. Nxh7+ Ke7 23. Ng5 Rf6 24. Nxf7 Bg4 25. Qh7 Nf8 26. Qg7 Ke6 27. Ng5+ Kd6 28. Rxf6+ Qxf6 29. Qxf6+ Kc7 30. b4 Nd7 31. Qf4+ Kb6 32. bxa5+ Kxa5 33. Qb4# 1-0

[Event "Titled Tuesday intern op 11th Feb Early"]
[Site "Chess.com INT"]
[Date "2025.02.11"]
[Round "3"]
[White "Teterev, Vitaly"]
[Black "Vingris, Mikelis"]
[Result "1-0"]
[WhiteElo "2257"]
[BlackElo "2209"]
[PlyCount "107"]
[EventDate "2025.02.11"]
[EventType "swiss (blitz)"]
[EventRounds "11"]
[EventCountry "USA"]
[SourceTitle "CB09_2025"]
[SourceDate "2025.02.27"]
[SourceVersion "1"]
[SourceVersionDate "2025.02.27"]
[SourceQuality "1"]

1. e4 c5 2. Nf3 d6 3. Bb5+ Nd7 4. a4 Ngf6 5. Nc3 g6 6. 0-0 Bg7 7. a5 0-0 8. d3 Ne8 9. Bg5 Nc7 10. Bc4 h6 11. Be3 b6 12. axb6 axb6 13. Rxa8 Nxa8 14. Qd2 Kh7 15. Ra1 Bb7 16. h4 Ne5 17. Nxe5 dxe5 18. h5 Nc7 19. Nb5 Nxb5 20. hxg6+ Kxg6 21. Bxb5 e6 22. Ra7 Qb8 23. Ra4 Qd6 24. Qe2 f5 25. Bd2 Ra8 26. exf5+ exf5 27. Rh4 Kh7 28. Qh5 Qg6 29. Qxg6+ Kxg6 30. Ra4 Rxa4 31. Bxa4 e4 32. dxe4 Bxe4 33. c3 Bd3 34. Be8+ Kf6 35. Be3 Ke7 36. Bg6 Kd6 37. g4 Ke5 38. f4+ Kf6 39. Bh7 Bf8 40. Kf2 b5 41. Kg3 b4 42. cxb4 cxb4 43. Bd4+ Ke6 44. Kf2 Kd5 45. Bf6 Bc5+ 46. Kg3 Ke6 47. Bg7 Kf7 48. Bxh6 Bd4 49. b3 Bc2 50. Bxf5 Bxb3 51. g5 Bd5 52. g6+ Kg8 53. Bg5 b3 54. Kg4 1-0